[Event "36th European Club Cup 2021"]
[Site "Struga"]
[Date "2021.09.23"]
[Round "6.31"]
[White "Kjartansson, Gudmundur"]
[Black "Mikhalevski, Victor"]
[Result "1/2-1/2"]
[WhiteElo "2447"]
[BlackElo "2573"]
[Annotator "ChessBase"]
[PlyCount "80"]
[EventDate "2021.09.18"]
[EventType "team-tourn"]
[EventCountry "MKD"]
[SourceTitle "playchess.com"]
[Source "ChessBase"]
[SourceQuality "1"]
[TimeControl "40/5400+30:1800+30"]

1. Nf3 {[%emt 0:00:11]} Nf6 {[%emt 0:00:41]} 2. c4 {[%emt 0:00:08]} g6 {
[%emt 0:00:23]} 3. Nc3 {[%emt 0:00:19]} d5 {[%emt 0:00:06]} 4. cxd5 {[%emt 0:
00:06]} Nxd5 {[%emt 0:00:04]} 5. h4 {[%emt 0:01:33]} Nxc3 {[%emt 0:00:20]} 6.
bxc3 {[%emt 0:00:21]} c5 {[%emt 0:00:27]} 7. h5 {[%emt 0:01:16]} Bg7 {[%emt 0:
00:06]} 8. d4 {[%emt 0:02:08]} Nc6 {[%emt 0:02:47]} 9. hxg6 {[%emt 0:07:59]}
hxg6 {[%emt 0:00:18]} 10. Rxh8+ {[%emt 0:00:05]} Bxh8 {[%emt 0:00:06]} 11. e3 {
[%emt 0:00:27]} Qa5 {[%emt 0:18:52]} 12. Bd2 {[%emt 0:01:24]} Qc7 {[%emt 0:00:
53]} 13. Bc4 {[%emt 0:02:52]} Na5 {[%emt 0:04:16]} 14. Bb5+ {[%emt 0:11:11]}
Bd7 {[%emt 0:07:23]} 15. Qa4 {[%emt 0:01:15]} Rd8 {[%emt 0:00:12]} 16. Bxd7+ {
[%emt 0:02:35]} Rxd7 {[%emt 0:00:17]} 17. Rb1 {[%emt 0:01:27]} b6 {[%emt 0:02:
05]} 18. c4 {[%emt 0:05:24]} cxd4 {[%emt 0:21:52]} 19. Bxa5 {[%emt 0:01:06]}
bxa5 {[%emt 0:09:01]} 20. exd4 {[%emt 0:01:19]} Kf8 {[%emt 0:00:43]} 21. Rd1 {
[%emt 0:25:09]} Rd8 {[%emt 0:04:07]} 22. Kf1 {[%emt 0:00:38]} Bf6 {[%emt 0:05:
10]} 23. Kg1 {[%emt 0:02:57]} g5 {[%emt 0:00:39]} 24. g3 {[%emt 0:06:25]} g4 {
[%emt 0:00:58]} 25. Ne5 {[%emt 0:00:31]} Bxe5 {[%emt 0:16:29]} 26. dxe5 {
[%emt 0:00:04]} Rxd1+ {[%emt 0:00:38]} 27. Qxd1 {[%emt 0:00:04]} Qxc4 {[%emt 0:
00:36]} 28. Qd8+ {[%emt 0:00:21]} Kg7 {[%emt 0:00:04]} 29. Qxe7 {[%emt 0:00:06]
} Qc1+ {[%emt 0:01:07]} 30. Kh2 {[%emt 0:02:29]} Qh6+ {[%emt 0:00:11]} 31. Kg1
{[%emt 0:01:46]} Qc1+ {[%emt 0:00:32]} 32. Kh2 {[%emt 0:00:03]} Qh6+ {[%emt 0:
00:25]} 33. Kg1 {[%emt 0:00:03]} Qg6 {[%emt 0:02:18]} 34. Qxa7 {[%emt 0:08:50]}
Qb1+ {[%emt 0:00:07]} 35. Kh2 {[%emt 0:00:28]} Qxa2 {[%emt 0:00:20]} 36. e6 {
[%emt 0:00:06]} Qxe6 {[%emt 0:00:20]} 37. Qxa5 {[%emt 0:00:04]} Qh6+ {[%emt 0:
00:09]} 38. Kg1 {[%emt 0:00:12]} Qc1+ {[%emt 0:00:05]} 39. Kh2 {[%emt 0:00:03]}
Qh6+ {[%emt 0:00:03]} 40. Kg1 {[%emt 0:00:00]} Qc1+ {[%emt 0:00:00]} 1/2-1/2

[Event "36th European Club Cup 2021"]
[Site "Struga"]
[Date "2021.09.23"]
[Round "6.32"]
[White "Nabaty, Tamir"]
[Black "Sulypa, Oleksandr"]
[Result "1-0"]
[WhiteElo "2638"]
[BlackElo "2455"]
[Annotator "TA"]
[PlyCount "87"]
[EventDate "2021.09.18"]
[EventType "team-tourn"]
[EventCountry "MKD"]
[SourceTitle "playchess.com"]
[Source "ChessBase"]
[SourceQuality "1"]

{[%evp 9,87,0,17,0,0,0,58,57,50,50,66,59,58,68,61,62,64,61,94,98,97,91,101,88,
337,328,368,375,396,392,383,308,304,273,273,261,318,325,338,338,328,322,298,
122,125,114,116,114,114,122,109,101,101,104,144,144,152,123,122,0,145,143,278,
265,263,262,281,164,172,128,119,116,981,980,940,919,5265,666,29994,513]} 1. d4
d5 2. Nf3 Nf6 3. Bf4 Bf5 4. c4 e6 5. Nc3 Bb4 6. Qa4+ {D06: Queen's Gambit:
Symmetrical and Baltic Defences.} Nc6 7. Ne5 O-O ({Black should try} 7... Rb8
$1 $11) 8. Nxc6 $14 {White is slightly better.} Bxc3+ 9. bxc3 bxc6 10. Qxc6 Qb8
11. Bc1 {[#]} Rd8 $146 ({Predecessor:} 11... Qb6 12. Qa4 Rfd8 13. c5 Qb7 14. e3
a5 15. f3 c6 16. Be2 Re8 17. O-O e5 {1-0 (58) Rizzi,D (1563)-Mitchell,J (939)
IECG email 1999}) 12. f3 Rd6 13. Qa4 Rb6 14. g4 Rb1 15. Rxb1 Qxb1 {[#]} 16. Qa3
Nxg4 (16... Bc2 $16) 17. fxg4 $18 Be4 18. Rg1 Rb8 19. Kf2 h6 20. Bh3 Qc2 21.
Qxa7 Rb1 22. Qa3 ({Less strong is} 22. Qxc7 Qxc3 23. Bg2 Bxg2 $16) 22... dxc4
23. Re1 Bd5 24. Bf4 Rb2 25. Bxc7 Qd2 26. Qd6 (26. Bg2 $18 {has better winning
chances.} Bxg2 27. Kxg2) 26... Qxc3 $16 {( -> ...Qf3+)} 27. Qg3 Qxd4+ 28. Qe3
Qf6+ 29. Kg1 {And now Be5 would win.} Rxa2 30. Be5 Qg6 31. Kf2 Kh7 32. Ra1 Rc2
33. Rc1 Ra2 34. Ra1 Rc2 35. Ra7 {Strongly threatening g5!} Be4 (35... Kg8 $16
36. Bd4 Qg5 37. Qxg5 hxg5) 36. Qf4 $18 Kg8 37. Bd4 Bd5 {[#]} 38. Rd7 (38. Bf1
$142 $1) 38... f6 39. Rxd5 exd5 40. Bg2 Kh8 $2 {[%mdl 8192]} (40... Qg5 $16 41.
Qf5 (41. Qxg5 hxg5 42. Bxd5+ Kf8 $16) 41... Qxf5+ 42. gxf5 Rd2) 41. Bxd5 {
Qb8+ would kill now.} Qe8 42. Be4 Ra2 43. Bxf6 (43. Qf5 $142 Qxe4 44. Qxe4)
43... gxf6 44. Qxh6+ {Weighted Error Value: White=0.35/Black=0.44} 1-0

[Event "36th European Club Cup 2021"]
[Site "Struga"]
[Date "2021.09.23"]
[Round "6.33"]
[White "Petursson, Margeir"]
[Black "Roiz, Michael"]
[Result "0-1"]
[WhiteElo "2442"]
[BlackElo "2580"]
[Annotator "ChessBase"]
[PlyCount "140"]
[EventDate "2021.09.18"]
[EventType "team-tourn"]
[EventCountry "MKD"]
[SourceTitle "playchess.com"]
[Source "ChessBase"]
[SourceQuality "1"]
[TimeControl "40/5400+30:1800+30"]

1. c4 {[%emt 0:00:05]} c5 {[%emt 0:00:28]} 2. Nf3 {[%emt 0:00:11]} Nf6 {
[%emt 0:00:14]} 3. Nc3 {[%emt 0:00:16]} Nc6 {[%emt 0:01:26]} 4. g3 {[%emt 0:00:
30]} d5 {[%emt 0:00:14]} 5. cxd5 {[%emt 0:00:14]} Nxd5 {[%emt 0:00:08]} 6. Bg2
{[%emt 0:00:06]} Nc7 {[%emt 0:00:49]} 7. d3 {[%emt 0:02:58]} e5 {[%emt 0:01:09]
} 8. Nd2 {[%emt 0:05:28]} Be7 {[%emt 0:01:48]} 9. Nc4 {[%emt 0:01:36]} f6 {
[%emt 0:01:27]} 10. a4 {[%emt 0:01:04]} Be6 {[%emt 0:02:13]} 11. a5 {[%emt 0:
11:27]} Qd7 {[%emt 0:05:26]} 12. Qa4 {[%emt 0:08:59]} Rc8 {[%emt 0:13:04]} 13.
O-O {[%emt 0:05:34]} O-O {[%emt 0:00:52]} 14. Bd2 {[%emt 0:01:26]} Rfd8 {
[%emt 0:06:27]} 15. Rfc1 {[%emt 0:03:14]} Na6 {[%emt 0:00:28]} 16. Qb5 {
[%emt 0:08:44]} Rc7 {[%emt 0:04:56]} 17. Be3 {[%emt 0:04:08]} Bf8 {[%emt 0:06:
23]} 18. Qa4 {[%emt 0:05:07]} Rcc8 {[%emt 0:05:51]} 19. Qb5 {[%emt 0:02:07]}
Rc7 {[%emt 0:02:45]} 20. Qa4 {[%emt 0:00:18]} Nab4 {[%emt 0:10:31]} 21. Nd2 {
[%emt 0:07:22]} Rcc8 {[%emt 0:04:13]} 22. Qb5 {[%emt 0:03:30]} Na6 {[%emt 0:04:
50]} 23. Nc4 {[%emt 0:01:16]} Qf7 {[%emt 0:06:46]} 24. Nd2 {[%emt 0:04:27]} Rc7
{[%emt 0:03:21]} 25. Qa4 {[%emt 0:01:55]} Rcc8 {[%emt 0:05:13]} 26. Qb5 {
[%emt 0:01:14]} Rd7 {[%emt 0:03:19]} 27. Qa4 {[%emt 0:07:06]} Nd4 {[%emt 0:03:
17]} 28. Bxd4 {[%emt 0:05:18]} exd4 {[%emt 0:00:05]} 29. Nb5 {[%emt 0:00:54]}
Ra8 {[%emt 0:00:01]} 30. Na3 {[%emt 0:01:56]} Re8 {[%emt 0:02:11]} 31. Re1 {
[%emt 0:01:43]} Bd5 {[%emt 0:01:54]} 32. Bxd5 {[%emt 0:02:00]} Rxd5 {[%emt 0:
00:23]} 33. Qb3 {[%emt 0:01:07]} Nb4 {[%emt 0:00:54]} 34. Nc2 {[%emt 0:01:00]}
Nc6 {[%emt 0:00:52]} 35. Nf3 {[%emt 0:01:40]} g6 {[%emt 0:04:02]} 36. Na3 {
[%emt 0:00:59]} Nxa5 {[%emt 0:00:00]} 37. Qa2 {[%emt 0:00:32]} Rd7 {[%emt 0:00:
00]} 38. Nd2 {[%emt 0:01:03]} Qxa2 {[%emt 0:00:00]} 39. Rxa2 {[%emt 0:00:02]}
Nc6 {[%emt 0:00:00]} 40. Kf1 {[%emt 0:00:00]} Kf7 {[%emt 0:00:00]} 41. Ndc4 {
[%emt 0:01:49]} Nb4 {[%emt 0:05:50]} 42. Raa1 {[%emt 0:01:43]} Re6 {[%emt 0:00:
13]} 43. Nd2 {[%emt 0:03:59]} b6 {[%emt 0:03:57]} 44. h4 {[%emt 0:00:51]} Ke8 {
[%emt 0:03:46]} 45. Nf3 {[%emt 0:04:06]} Bd6 {[%emt 0:01:46]} 46. Rac1 {
[%emt 0:01:02]} Bf8 {[%emt 0:00:33]} 47. Rc4 {[%emt 0:01:43]} Kd8 {[%emt 0:03:
36]} 48. Ra1 {[%emt 0:01:16]} Nc6 {[%emt 0:04:26]} 49. Nb5 {[%emt 0:02:30]} a5
{[%emt 0:02:01]} 50. Rcc1 {[%emt 0:04:49]} Bh6 {[%emt 0:00:47]} 51. Rc4 {
[%emt 0:01:16]} Kc8 {[%emt 0:01:24]} 52. g4 {[%emt 0:00:14]} Bf8 {[%emt 0:01:
24]} 53. g5 {[%emt 0:01:11]} Be7 {[%emt 0:00:44]} 54. gxf6 {[%emt 0:02:04]}
Bxf6 {[%emt 0:00:01]} 55. Rc2 {[%emt 0:00:49]} Rde7 {[%emt 0:02:05]} 56. Na3 {
[%emt 0:01:25]} Kb7 {[%emt 0:00:10]} 57. Nc4 {[%emt 0:00:40]} Nb4 {[%emt 0:01:
01]} 58. Rd2 {[%emt 0:01:06]} Nd5 {[%emt 0:01:11]} 59. Re1 {[%emt 0:01:23]} Re8
{[%emt 0:00:32]} 60. Rdd1 {[%emt 0:01:29]} Bd8 {[%emt 0:02:36]} 61. Ncd2 {
[%emt 0:00:45]} h6 {[%emt 0:00:57]} 62. Rc1 {[%emt 0:01:58]} Rf8 {[%emt 0:00:
59]} 63. Ne4 {[%emt 0:00:18]} Be7 {[%emt 0:00:32]} 64. Kg2 {[%emt 0:01:07]} Kb8
{[%emt 0:00:52]} 65. Kg3 {[%emt 0:01:55]} Bd8 {[%emt 0:00:27]} 66. e3 {[%emt 0:
00:26]} dxe3 {[%emt 0:00:19]} 67. fxe3 {[%emt 0:00:09]} Nb4 {[%emt 0:00:34]}
68. Rcd1 {[%emt 0:00:57]} Nxd3 {[%emt 0:00:27]} 69. Rxd3 {[%emt 0:00:07]} Rxe4
{[%emt 0:00:04]} 70. Red1 {[%emt 0:00:46]} Bc7+ {[%emt 0:00:06]} 0-1

[Event "36th European Club Cup 2021"]
[Site "Struga"]
[Date "2021.09.23"]
[Round "6.34"]
[White "Postny, Evgeny"]
[Black "Johannesson, Ingvar Thor"]
[Result "1-0"]
[WhiteElo "2564"]
[BlackElo "2346"]
[Annotator "ChessBase"]
[PlyCount "85"]
[EventDate "2021.09.18"]
[EventType "team-tourn"]
[EventCountry "MKD"]
[SourceTitle "playchess.com"]
[Source "ChessBase"]
[SourceQuality "1"]
[TimeControl "40/5400+30:1800+30"]

1. d4 {[%emt 0:00:03]} e6 {[%emt 0:03:39]} 2. c4 {[%emt 0:00:07]} d5 {[%emt 0:
01:45]} 3. Nf3 {[%emt 0:00:10]} a6 {[%emt 0:00:42]} 4. cxd5 {[%emt 0:04:19]}
exd5 {[%emt 0:00:52]} 5. Nc3 {[%emt 0:00:06]} h6 {[%emt 0:04:30]} 6. Bf4 {
[%emt 0:03:32]} Nf6 {[%emt 0:01:19]} 7. e3 {[%emt 0:00:12]} Bd6 {[%emt 0:00:06]
} 8. Bd3 {[%emt 0:03:54]} O-O {[%emt 0:04:54]} 9. Ne5 {[%emt 0:07:37]} Nbd7 {
[%emt 0:15:48]} 10. Bg3 {[%emt 0:02:38]} Qe7 {[%emt 0:21:44]} 11. f4 {[%emt 0:
00:52]} b6 {[%emt 0:02:20]} 12. Qf3 {[%emt 0:06:32]} Bb7 {[%emt 0:00:35]} 13.
Bh4 {[%emt 0:02:24]} Qe8 {[%emt 0:12:44]} 14. O-O {[%emt 0:13:50]} Bb4 {
[%emt 0:08:50]} 15. Rac1 {[%emt 0:04:49]} Bxc3 {[%emt 0:05:04]} 16. Rxc3 {
[%emt 0:00:23]} c5 {[%emt 0:00:16]} 17. Bf5 {[%emt 0:05:30]} Nxe5 {[%emt 0:04:
36]} 18. fxe5 {[%emt 0:11:10]} Ne4 {[%emt 0:00:13]} 19. Bxe4 {[%emt 0:00:18]}
dxe4 {[%emt 0:00:02]} 20. Qg3 {[%emt 0:00:27]} Kh7 {[%emt 0:01:06]} 21. dxc5 {
[%emt 0:01:09]} bxc5 {[%emt 0:00:26]} 22. Rxc5 {[%emt 0:00:07]} Rc8 {[%emt 0:
03:51]} 23. Rxc8 {[%emt 0:03:26]} Qxc8 {[%emt 0:03:38]} 24. Be7 {[%emt 0:06:24]
} Re8 {[%emt 0:00:04]} 25. Bd6 {[%emt 0:02:25]} Qe6 {[%emt 0:00:22]} 26. b3 {
[%emt 0:21:06]} Rc8 {[%emt 0:00:28]} 27. Qf2 {[%emt 0:00:00]} Kg8 {[%emt 0:00:
54]} 28. h3 {[%emt 0:00:00]} Rc3 {[%emt 0:00:20]} 29. Rd1 {[%emt 0:00:00]} Bc6
{[%emt 0:01:59]} 30. Rd4 {[%emt 0:00:00]} Rd3 {[%emt 0:01:44]} 31. Rc4 {
[%emt 0:00:00]} Bb5 {[%emt 0:00:25]} 32. Rc7 {[%emt 0:00:00]} Rd1+ {[%emt 0:00:
28]} 33. Kh2 {[%emt 0:00:00]} Rf1 {[%emt 0:00:12]} 34. Qg3 {[%emt 0:00:00]} Kh7
{[%emt 0:01:00]} 35. Bf8 {[%emt 0:00:00]} Qg6 {[%emt 0:00:10]} 36. Qxg6+ {
[%emt 0:00:00]} Kxg6 {[%emt 0:00:14]} 37. e6 {[%emt 0:00:00]} Rf6 {[%emt 0:01:
08]} 38. e7 {[%emt 0:01:22]} Re6 {[%emt 0:00:01]} 39. g4 {[%emt 0:03:39]} h5 {
[%emt 0:00:59]} 40. gxh5+ {[%emt 0:00:00]} Kxh5 {[%emt 0:00:00]} 41. Bxg7 {
[%emt 0:01:19]} Kg6 {[%emt 0:03:46]} 42. Bd4 {[%emt 0:01:23]} f6 {[%emt 0:01:
34]} 43. Kg3 {[%emt 0:02:16]} 1-0

[Event "36th European Club Cup 2021"]
[Site "Struga"]
[Date "2021.09.23"]
[Round "6.35"]
[White "Mai, Alexander Oliver"]
[Black "Huzman, Alexander"]
[Result "0-1"]
[WhiteElo "2042"]
[BlackElo "2547"]
[Annotator "ChessBase"]
[PlyCount "70"]
[EventDate "2021.09.18"]
[EventType "team-tourn"]
[EventCountry "MKD"]
[SourceTitle "playchess.com"]
[Source "ChessBase"]
[SourceQuality "1"]
[TimeControl "40/5400+30:1800+30"]

1. e4 {[%emt 0:00:03]} c6 {[%emt 0:00:10]} 2. Nc3 {[%emt 0:00:07]} d5 {[%emt 0:
00:19]} 3. Nf3 {[%emt 0:00:06]} Bg4 {[%emt 0:00:09]} 4. h3 {[%emt 0:00:11]}
Bxf3 {[%emt 0:00:14]} 5. Qxf3 {[%emt 0:00:06]} e6 {[%emt 0:00:04]} 6. d4 {
[%emt 0:00:16]} Nf6 {[%emt 0:01:11]} 7. Be2 {[%emt 0:00:17]} Be7 {[%emt 0:03:
45]} 8. O-O {[%emt 0:21:07]} dxe4 {[%emt 0:03:42]} 9. Qe3 {[%emt 0:00:40]} Nbd7
{[%emt 0:01:28]} 10. Nxe4 {[%emt 0:00:31]} Nxe4 {[%emt 0:00:22]} 11. Qxe4 {
[%emt 0:00:05]} Nf6 {[%emt 0:00:04]} 12. Qd3 {[%emt 0:02:36]} O-O {[%emt 0:00:
38]} 13. Rd1 {[%emt 0:03:35]} Qc7 {[%emt 0:06:33]} 14. c4 {[%emt 0:06:49]} Rfd8
{[%emt 0:11:15]} 15. Be3 {[%emt 0:01:54]} Rd7 {[%emt 0:06:25]} 16. Bf3 {
[%emt 0:04:34]} Rad8 {[%emt 0:12:48]} 17. Qb3 {[%emt 0:03:47]} Qa5 {[%emt 0:06:
09]} 18. Rac1 {[%emt 0:03:22]} h6 {[%emt 0:00:39]} 19. Qc3 {[%emt 0:26:07]} Bb4
{[%emt 0:08:04]} 20. Qc2 {[%emt 0:01:21]} Bd6 {[%emt 0:00:35]} 21. a3 {[%emt 0:
03:56]} Qf5 {[%emt 0:06:21]} 22. Qxf5 {[%emt 0:02:54]} exf5 {[%emt 0:00:07]}
23. d5 {[%emt 0:03:58]} c5 {[%emt 0:00:19]} 24. Re1 {[%emt 0:03:54]} Re7 {
[%emt 0:03:13]} 25. Bd2 {[%emt 0:05:11]} Ne4 {[%emt 0:03:49]} 26. Bxe4 {
[%emt 0:01:38]} fxe4 {[%emt 0:00:08]} 27. f3 {[%emt 0:00:34]} Rde8 {[%emt 0:01:
59]} 28. fxe4 {[%emt 0:00:47]} Rxe4 {[%emt 0:00:44]} 29. Rxe4 {[%emt 0:00:33]}
Rxe4 {[%emt 0:00:05]} 30. Kf2 {[%emt 0:00:14]} h5 {[%emt 0:06:15]} 31. Kf3 {
[%emt 0:03:32]} Rd4 {[%emt 0:01:04]} 32. Be3 {[%emt 0:00:15]} Rd3 {[%emt 0:00:
56]} 33. Ke4 {[%emt 0:00:51]} Rb3 {[%emt 0:00:13]} 34. Rc2 {[%emt 0:00:17]} f5+
{[%emt 0:00:56]} 35. Kf3 {[%emt 0:01:03]} f4 {[%emt 0:00:13]} 0-1

[Event "36th European Club Cup 2021"]
[Site "Struga"]
[Date "2021.09.23"]
[Round "6.36"]
[White "Steinberg, Nitzan"]
[Black "Jonsson, Gauti Pall"]
[Result "1/2-1/2"]
[WhiteElo "2537"]
[BlackElo "2053"]
[Annotator "ChessBase"]
[PlyCount "87"]
[EventDate "2021.09.18"]
[EventType "team-tourn"]
[EventCountry "MKD"]
[SourceTitle "playchess.com"]
[Source "ChessBase"]
[SourceQuality "1"]
[TimeControl "40/5400+30:1800+30"]

1. e4 {[%emt 0:00:08]} d5 {[%emt 0:01:01]} 2. exd5 {[%emt 0:00:11]} Qxd5 {
[%emt 0:00:10]} 3. Nc3 {[%emt 0:00:10]} Qd8 {[%emt 0:00:35]} 4. d4 {[%emt 0:00:
48]} Nf6 {[%emt 0:02:38]} 5. Nf3 {[%emt 0:00:35]} Bg4 {[%emt 0:01:16]} 6. h3 {
[%emt 0:01:49]} Bxf3 {[%emt 0:00:42]} 7. Qxf3 {[%emt 0:00:08]} c6 {[%emt 0:01:
20]} 8. Be3 {[%emt 0:06:25]} e6 {[%emt 0:03:07]} 9. O-O-O {[%emt 0:04:43]} Bb4
{[%emt 0:02:51]} 10. Ne4 {[%emt 0:15:55]} Nxe4 {[%emt 0:00:34]} 11. Qxe4 {
[%emt 0:00:06]} Qd5 {[%emt 0:00:23]} 12. Qxd5 {[%emt 0:00:22]} cxd5 {[%emt 0:
00:15]} 13. c4 {[%emt 0:00:06]} dxc4 {[%emt 0:06:33]} 14. Bxc4 {[%emt 0:02:30]}
Nd7 {[%emt 0:05:05]} 15. Kb1 {[%emt 0:03:13]} Rc8 {[%emt 0:05:14]} 16. Bb3 {
[%emt 0:02:17]} Ke7 {[%emt 0:12:06]} 17. a3 {[%emt 0:11:59]} Bd6 {[%emt 0:06:
57]} 18. Rhe1 {[%emt 0:00:23]} Rhe8 {[%emt 0:05:11]} 19. d5 {[%emt 0:12:48]} e5
{[%emt 0:02:17]} 20. Bxa7 {[%emt 0:02:50]} b6 {[%emt 0:02:10]} 21. Ba4 {
[%emt 0:00:19]} Ra8 {[%emt 0:05:10]} 22. Bxd7 {[%emt 0:00:10]} Kxd7 {[%emt 0:
00:11]} 23. Bxb6 {[%emt 0:00:05]} Reb8 {[%emt 0:01:38]} 24. Be3 {[%emt 0:00:05]
} Rxa3 {[%emt 0:01:23]} 25. g4 {[%emt 0:06:43]} Rb5 {[%emt 0:05:03]} 26. Re2 {
[%emt 0:02:52]} Raa5 {[%emt 0:03:36]} 27. Red2 {[%emt 0:00:23]} Bb4 {[%emt 0:
02:23]} 28. Rd3 {[%emt 0:00:43]} Kd6 {[%emt 0:02:17]} 29. Rb3 {[%emt 0:04:33]}
f6 {[%emt 0:05:24]} 30. f3 {[%emt 0:05:25]} Bc5 {[%emt 0:06:52]} 31. Bxc5+ {
[%emt 0:02:06]} Rxc5 {[%emt 0:00:44]} 32. Rbd3 {[%emt 0:09:05]} Rxd5 {[%emt 0:
03:01]} 33. b4 {[%emt 0:01:25]} Rxd3 {[%emt 0:01:14]} 34. Rxd3+ {[%emt 0:00:01]
} Rd5 {[%emt 0:00:10]} 35. Kc2 {[%emt 0:00:46]} Rxd3 {[%emt 0:02:40]} 36. Kxd3
{[%emt 0:00:02]} Kd5 {[%emt 0:00:12]} 37. h4 {[%emt 0:01:35]} g6 {[%emt 0:02:
29]} 38. h5 {[%emt 0:02:27]} gxh5 {[%emt 0:02:30]} 39. gxh5 {[%emt 0:00:01]} h6
{[%emt 0:00:43]} 40. Kc3 {[%emt 0:00:00]} f5 {[%emt 0:00:00]} 41. Kd3 {[%emt 0:
03:43]} Kd6 {[%emt 0:02:46]} 42. Kc4 {[%emt 0:03:11]} Kc6 {[%emt 0:00:11]} 43.
b5+ {[%emt 0:02:31]} Kd6 {[%emt 0:00:45]} 44. b6 {[%emt 0:04:49]} 1/2-1/2

[Event "36th European Club Cup 2021"]
[Site "Struga"]
[Date "2021.09.23"]
[Round "6.37"]
[White "Tari, Aryan"]
[Black "Kunin, Vitaly"]
[Result "1-0"]
[WhiteElo "2642"]
[BlackElo "2562"]
[Annotator "TA"]
[PlyCount "75"]
[EventDate "2021.09.18"]
[EventType "team-tourn"]
[EventCountry "MKD"]
[SourceTitle "playchess.com"]
[Source "ChessBase"]
[SourceQuality "1"]

{[%evp 9,75,0,51,34,59,68,76,59,45,31,79,77,68,41,109,125,109,116,118,131,109,
95,127,141,144,132,142,125,131,137,137,137,137,135,121,123,125,133,134,116,122,
125,117,129,158,146,199,210,643,604,594,581,571,458,457,458,419,425,29991,
29989,29992,29993,29993,29994,29994,29995,29996,29997]} 1. e4 d6 2. d4 Nf6 3.
Nc3 e5 4. Nf3 Nbd7 5. Rg1 exd4 (5... c6 $11) 6. Nxd4 $14 {C41: Philidor
Defence.} Nc5 7. Qe2 Be7 8. Bf4 {[#] White is better.} (8. f3 {feels hotter.}
O-O 9. g4 Ne8 10. g5 c6 11. Be3) 8... Ne6 $146 ({Predecessor:} 8... O-O 9.
O-O-O Re8 10. f3 c6 11. g4 Ne6 12. Nxe6 Bxe6 13. Qd2 d5 14. g5 Nh5 {1-0 (43)
Bar,A (2110)-Strikovic,A (2526) Tortoreto 2015}) 9. Nxe6 Bxe6 10. O-O-O Nd7 11.
Be3 O-O (11... Bf6 $14) 12. f4 $16 Nb6 13. g4 Bc4 14. Qf3 Bxf1 15. Qxf1 Qe8 16.
g5 f5 17. Bxb6 axb6 18. Qc4+ Kh8 19. Qxc7 fxe4 20. Nd5 (20. Nxe4 Rxa2 21. Rgf1
{[#]} (21. Qxb6 $2 Rxf4 22. Rde1 Qd7 $17) (21. Nxd6 $2 Ra1+ 22. Kd2 Rxd1+ 23.
Rxd1 Qd8 $19) 21... Qb5 $1 $17) 20... Bd8 21. Qxd6 Rxa2 22. Kb1 Ra6 23. Rge1 b5
24. Qc5 $36 {[%mdl 2048] Hoping for Rxe4! Keeping Black busy.} Re6 25. Re3 Be7
26. Qd4 Qh5 {White must now prevent ...Bc5!} 27. Rde1 {Threatens to win with
f5.} Rc8 (27... Bd6 $16 28. Rxe4 Rxe4 29. Qxe4 Qh4) 28. Rxe4 $18 Qxh2 $2 (28...
Qg6 29. Nc3 (29. Rxe6 Qxc2+ {[%mdl 64] Double Attack} 30. Ka2 Ra8+ 31. Ra6
Rxa6+ 32. Qa4 Rxa4#) (29. Nxe7 Rxe7 30. h4 Rxe4 $16) 29... Rxe4 30. Qxe4 (30.
Rxe4 Bc5 $16) 30... Bf8 31. Nxb5 (31. Qxb7 Qf5 $18) 31... Qa6) 29. c3 (29. Rxe6
{is a self mate.} Qxc2+ 30. Ka2 Ra8+ 31. Ra6 Rxa6+ 32. Qa4 Rxa4#) 29... Rxe4
30. Qxe4 Bf8 31. Nb6 Rc7 {and if ...Re7 works, Black does fine.} 32. Qf5 {
[%cal Rf5f8]} Kg8 33. Nd7 {[%csl Gd7][%cal Rf5f8]} Rc8 (33... Rxd7 $18 34. Qxd7
Qxf4 35. Qxb5 Qf7) 34. Qe6+ {White mates.} Kh8 35. Ne5 Rc7 36. Nf7+ Rxf7 37.
Qxf7 {[%cal Rf7f8][%mdl 64] [#] Double Attack} Qxf4 38. Qxf4 {[%cal Rf4f8]
Weighted Error Value: White=0.06/Black=0.38} 1-0

[Event "36th European Club Cup 2021"]
[Site "Struga"]
[Date "2021.09.23"]
[Round "6.38"]
[White "Godart, Francois"]
[Black "Christiansen, Johan-Sebastian"]
[Result "1/2-1/2"]
[WhiteElo "2407"]
[BlackElo "2609"]
[Annotator "ChessBase"]
[PlyCount "88"]
[EventDate "2021.09.18"]
[EventType "team-tourn"]
[EventCountry "MKD"]
[SourceTitle "playchess.com"]
[Source "ChessBase"]
[SourceQuality "1"]
[TimeControl "40/5400+30:1800+30"]

1. d4 {[%emt 0:00:07]} d5 {[%emt 0:00:38]} 2. c4 {[%emt 0:00:25]} e6 {[%emt 0:
03:47]} 3. g3 {[%emt 0:01:37]} Nf6 {[%emt 0:00:13]} 4. Bg2 {[%emt 0:00:10]} Be7
{[%emt 0:00:25]} 5. Nf3 {[%emt 0:00:12]} O-O {[%emt 0:00:10]} 6. O-O {[%emt 0:
00:05]} dxc4 {[%emt 0:01:57]} 7. Ne5 {[%emt 0:00:42]} Qd6 {[%emt 0:01:48]} 8.
Na3 {[%emt 0:07:41]} Qa6 {[%emt 0:02:47]} 9. Naxc4 {[%emt 0:02:39]} Rd8 {
[%emt 0:01:25]} 10. e3 {[%emt 0:10:25]} Nbd7 {[%emt 0:14:09]} 11. Qc2 {[%emt 0:
07:30]} Nxe5 {[%emt 0:31:25]} 12. Nxe5 {[%emt 0:01:56]} c6 {[%emt 0:04:39]} 13.
Bd2 {[%emt 0:03:58]} Nd5 {[%emt 0:17:03]} 14. Rfb1 {[%emt 0:07:36]} f6 {
[%emt 0:03:22]} 15. Nd3 {[%emt 0:02:00]} e5 {[%emt 0:01:13]} 16. dxe5 {[%emt 0:
20:07]} Nxe3 {[%emt 0:00:40]} 17. Bxe3 {[%emt 0:00:12]} Qxd3 {[%emt 0:00:05]}
18. Qxd3 {[%emt 0:00:45]} Rxd3 {[%emt 0:00:02]} 19. exf6 {[%emt 0:02:06]} Bxf6
{[%emt 0:00:23]} 20. Rd1 {[%emt 0:01:09]} Rxd1+ {[%emt 0:01:55]} 21. Rxd1 {
[%emt 0:00:03]} Be6 {[%emt 0:00:09]} 22. b4 {[%emt 0:07:14]} a5 {[%emt 0:01:51]
} 23. a3 {[%emt 0:06:18]} axb4 {[%emt 0:08:28]} 24. axb4 {[%emt 0:00:06]} Be7 {
[%emt 0:00:06]} 25. Bc5 {[%emt 0:07:06]} Bxc5 {[%emt 0:00:08]} 26. bxc5 {
[%emt 0:00:03]} Ra5 {[%emt 0:00:13]} 27. Rc1 {[%emt 0:00:20]} g5 {[%emt 0:02:
51]} 28. f4 {[%emt 0:01:17]} gxf4 {[%emt 0:00:05]} 29. gxf4 {[%emt 0:00:03]}
Ra4 {[%emt 0:01:31]} 30. Rb1 {[%emt 0:01:01]} Ra7 {[%emt 0:00:59]} 31. Kf2 {
[%emt 0:01:40]} Kg7 {[%emt 0:00:25]} 32. Ke3 {[%emt 0:01:12]} Kf6 {[%emt 0:00:
15]} 33. Be4 {[%emt 0:01:07]} Ra3+ {[%emt 0:00:32]} 34. Kd2 {[%emt 0:01:23]}
Bc8 {[%emt 0:00:40]} 35. Bxh7 {[%emt 0:00:20]} Rh3 {[%emt 0:00:12]} 36. Be4 {
[%emt 0:00:33]} Rxh2+ {[%emt 0:00:15]} 37. Ke3 {[%emt 0:00:25]} Rh3+ {[%emt 0:
00:41]} 38. Kd4 {[%emt 0:00:14]} Rh4 {[%emt 0:00:07]} 39. Ke3 {[%emt 0:00:48]}
Rh3+ {[%emt 0:00:05]} 40. Kd4 {[%emt 0:00:00]} Ra3 {[%emt 0:00:00]} 41. Rh1 {
[%emt 0:00:55]} Ra4+ {[%emt 0:08:13]} 42. Ke3 {[%emt 0:00:48]} Ra3+ {[%emt 0:
01:44]} 43. Kd4 {[%emt 0:00:14]} Ra4+ {[%emt 0:09:24]} 44. Ke3 {[%emt 0:00:10]}
Ra3+ {[%emt 0:05:08]} 1/2-1/2